000
00195nam a2200085 4500
001
1254192
005
20251105090504.0
245
_a
BEKLENMEYEN MİSAFİR
_c
AGATHA CHRISTIE
260
_b
ALTIN KİTAPLAR
999
_c
1254192
_d
1254192